Sự cố nền móng công trình: Phòng tránh, sửa chữa, gia cường

Guardat en:
Dades bibliogràfiques
Autor principal: Nguyễn, Bá Kế
Format: Llibre
Idioma:Undetermined
Publicat: Hà Nội Xây Dựng 2000
Matèries:
Etiquetes: Afegir etiqueta
Sense etiquetes, Sigues el primer a etiquetar aquest registre!
Thư viện lưu trữ: Trung tâm Học liệu Trường Đại học Cần Thơ
LEADER 00644nam a2200193Ia 4500
001 CTU_37912
008 210402s9999 xx 000 0 und d
020 |c 55000 
082 |a 624.15 
082 |b K250 
100 |a Nguyễn, Bá Kế 
245 0 |a Sự cố nền móng công trình: Phòng tránh, sửa chữa, gia cường 
245 0 |c Nguyễn Bá Kế 
260 |a Hà Nội 
260 |b Xây Dựng 
260 |c 2000 
650 |a Civil engineering,Foundations,Structural engineering,Underground engineering 
904 |i Minh, 001006 
980 |a Trung tâm Học liệu Trường Đại học Cần Thơ